000 00469nam a22001697a 4500
003 LK-CoMWRAF
005 20230922152005.0
008 230922b2005 |||||||| |||| 00| 0 eng d
040 _aLK-CoMWRAF
_dLK-CoMWRAF
_eLK-CoMWRAF
041 _aeng
082 _a294.34
_bMED
100 _aMedhananda Thera, Ellawala
245 _aBuddhangala hermitage
300 _aBuddhangala :
_b Buddhagala Arnya Sadhaka Samithiya,
_c2005
650 _aBuddhangala-Hermitage
942 _cBK
999 _c3602
_d3602